| 000 | 01943nam a22002297a 4500 | ||
|---|---|---|---|
| 005 | 20231229140059.0 | ||
| 008 | 231229b ||||| |||| 00| 0 eng d | ||
| 020 | _a9781250852069 | ||
| 040 | _cAL | ||
| 041 | _aEnglish | ||
| 082 |
_223 _a791.4302 _bKELT |
||
| 100 |
_aMinka Kelly _9147061 |
||
| 245 | _aTell Me Everything: A Memoir | ||
| 260 |
_aNew York _bHenry Holt and Company _c2023 |
||
| 300 |
_aviii,274 p. _bPB _c24X16 cm. |
||
| 365 |
_a6829 _b₹2159.00 _c₹ _d₹2699.00 _e20% _f19-12-2023 |
||
| 520 | _aNEW YORK TIMES BESTSELLER A Washington Post best celebrity memoir of 2023 An Audible best celebrity memoir of 2023 “A timely, urgent portrait of working-class American women.” ―Gabrielle Union In her highly anticipated memoir Tell Me Everything, Minka Kelly shares a story as powerful as it is page-turning. Fans know her as the spoiled, rich cheerleader Lyla Garrity on Friday Night Lights or as the affluent, mysterious Samantha on the HBO megahit Euphoria. But as revealed for the first time in these pages, Minka Kelly’s life has been anything but easy. Raised by a single mother who worked as a stripper and struggled with addiction, Minka spent years waking up in strange apartments as she and her mom bounced around the country, relying on friends and relatives to take them in. At times they even lived in storage units. She reconnected with her father, Aerosmith’s Rick Dufay, and eventually made her way to Los Angeles, where she landed the role of a lifetime on Friday Night Lights. Now an established actress and philanthropist, Minka takes this next step in her career as a writer. She has poured her soul into the pages of this book, which ultimately tells a story of triumph over adversity, and how resilience and love are all we have in the end. | ||
| 650 |
_aBiography _9147062 |
||
| 650 |
_aActors--United States _9147063 |
||
| 700 |
_aKELLY (Minka) _9147064 |
||
| 942 |
_2ddc _cBK |
||
| 999 |
_c229552 _d229552 |
||